Economic growth in Japan and the U.S.S.R
Đã lưu trong:
| Príomhúdar: | |
|---|---|
| Formáid: | Leabhar |
| Teanga: | Undetermined |
| Foilsithe: |
London
George Allen & Unwin
1969
|
| Ábhair: | |
| Clibeanna: |
Cuir Clib Leis
Gan Chlibeanna, Bí ar an gcéad duine leis an taifead seo a chlibeáil!
|
| Thư viện lưu trữ: | Trung tâm Học liệu Trường Đại học Cần Thơ |
|---|
| LEADER | 00487nam a2200181Ia 4500 | ||
|---|---|---|---|
| 001 | CTU_85650 | ||
| 008 | 210402s9999 xx 000 0 und d | ||
| 082 | |a 330.952 | ||
| 082 | |b M179 | ||
| 100 | |a Angus Maddison | ||
| 245 | 0 | |a Economic growth in Japan and the U.S.S.R | |
| 245 | 0 | |c Angus Maddison | |
| 260 | |a London | ||
| 260 | |b George Allen & Unwin | ||
| 260 | |c 1969 | ||
| 650 | |a Japan | ||
| 650 | |x economic conditions | ||
| 980 | |a Trung tâm Học liệu Trường Đại học Cần Thơ | ||